=LDR 00000nam 2200000 4500 =001 INLIS000000000024172 =990 ##$$a 2090101177/BPAP-NTB/2015 =005 20150729111320.0 =990 ##$$a 0001/BPAP-NTB/20142014 =006 =990 ##$$a 0001/BPAP-NTB/20142014 =007 =008 Ind =035 ##$$0010-061300000024172 =041 ##$$a Ind =082 ##$$a 658 =090 ##$$a 658, Win a =100 ##$$a Winardi =245 ##$$a Asas-asas administrasi bisnis (business admionistration), Prof. Dr. Winardi, SE =260 ##$$a 1993 $b Bandung =300 ##$$a xvi, 482 hlm, 21 cm =650 ##$$a Administrasi bisnis =850 ##$$a NBPNMAT =990 ##$$a 0001/BPAP-NTB/20142014 =990 ##$$a 0001/BPAP-NTB/20142014